000 00674nam a2200193 i 4500
001 182021
003 ES-MaACL
005 20250822063234.0
008 130523q18501899fr a |||| | fre d
100 1 _aMéry, Joseph,
_d1797-1866
_980623
245 1 4 _a[Le bonheur d'un millionnaire /
_cpar Méry].
260 _a[S.l. :
_bs.n.,
_c18-?]
300 _a60 p. :
_bil. ;
_c30 cm.
505 8 _aContiene también: Boudha-Var y Physionomie de Manchester
594 _aTít. y autor tomados de principio de texto, con il. xil.
597 _aTexto a dos col.
852 _aES-MaACL
_jR-1711(15)
_q.- Ejempl. sin portada en un vol. facticio
999 _c182021
_d182021